Statistics for Countries by Currencies in 90 Seconds

Click here to take the quiz!

General Stats

  • This quiz has been taken 382 times
  • The average score is 115 of 196

Answers on the Map

Answers color-coded by a green-red scale on the quiz's map according to % correct below.
 

Answer Stats

CurrencyCountry% Correct
East Caribbean dollarAntigua and Barbuda
99%
Australian dollarAustralia
99%
Bahamian dollarBahamas
99%
Barbadian dollarBarbados
99%
Belize dollarBelize
99%
Brunei dollarBrunei
99%
Canadian dollarCanada
99%
East Caribbean dollarDominica
99%
United States dollarEast Timor
99%
United States dollarEcuador
99%
United States dollarEl Salvador
99%
United States dollarFederated States of Micronesia
99%
Fijian dollarFiji
99%
East Caribbean dollarGrenada
99%
Guyanese dollarGuyana
99%
Jamaican dollarJamaica
99%
Australian dollarKiribati
99%
Liberian dollarLiberia
99%
United States dollarMarshall Islands
99%
Namibian dollarNamibia
99%
Australian dollarNauru
99%
New Zealand dollarNew Zealand
99%
United States dollarPalau
99%
United States dollarPanama
99%
East Caribbean dollarSaint Kitts and Nevis
99%
East Caribbean dollarSaint Lucia
99%
East Caribbean dollarSaint Vincent and the Grenadines
99%
Singapore dollarSingapore
99%
Solomon Islands dollarSolomon Islands
99%
Surinamese dollarSuriname
99%
New Taiwan dollarTaiwan
99%
Trinidad and Tobago dollarTrinidad and Tobago
99%
Australian dollarTuvalu
99%
United States dollarUnited States
99%
United States dollarZimbabwe
99%
European euroAndorra
97%
European euroAustria
97%
European euroBelgium
97%
European euroCyprus
97%
European euroEstonia
97%
European euroFinland
97%
European euroFrance
97%
European euroGermany
97%
European euroGreece
97%
European euroIreland
97%
European euroItaly
97%
European euroKosovo
97%
European euroLatvia
97%
European euroLithuania
97%
European euroLuxembourg
97%
European euroMalta
97%
European euroMonaco
97%
European euroMontenegro
97%
European euroNetherlands
97%
European euroPortugal
97%
European euroSan Marino
97%
European euroSlovakia
97%
European euroSlovenia
97%
European euroSpain
97%
European euroVatican City
97%
Argentine pesoArgentina
90%
Chilean pesoChile
90%
Colombian pesoColombia
90%
Cuban pesoCuba
90%
Dominican pesoDominican Republic
90%
Mexican pesoMexico
90%
Philippine pesoPhilippines
90%
Uruguayan pesoUruguay
90%
Egyptian poundEgypt
85%
Lebanese poundLebanon
85%
South Sudanese poundSouth Sudan
85%
Sudanese poundSudan
85%
Syrian poundSyria
85%
Pound sterlingUnited Kingdom
85%
Japanese yenJapan
84%
Belarusian rubleBelarus
74%
Russian rubleRussia
74%
Indian rupeeIndia
71%
Mauritian rupeeMauritius
71%
Nepalese rupeeNepal
71%
Pakistani rupeePakistan
71%
Seychellois rupeeSeychelles
71%
Sri Lankan rupeeSri Lanka
71%
West African CFA francBenin
70%
West African CFA francBurkina Faso
70%
Burundi francBurundi
70%
Central African CFA francCameroon
70%
Central African CFA francCentral African Republic
70%
Central African CFA francChad
70%
Comorian francComoros
70%
West African CFA francCote d'Ivoire
70%
Congolese francDemocratic Republic of the Congo
70%
Djiboutian francDjibouti
70%
Central African CFA francEquatorial Guinea
70%
Central African CFA francGabon
70%
Guinean francGuinea
70%
West African CFA francGuinea Bissau
70%
Swiss francLiechtenstein
70%
West African CFA francMali
70%
West African CFA francNiger
70%
Central African CFA francRepublic of the Congo
70%
Rwandan francRwanda
70%
West African CFA francSenegal
70%
Swiss francSwitzerland
70%
West African CFA francTogo
70%
Algerian dinarAlgeria
60%
Bahraini dinarBahrain
60%
Iraqi dinarIraq
60%
Jordanian dinarJordan
60%
Kuwaiti dinarKuwait
60%
Libyan dinarLibya
60%
Serbian dinarSerbia
60%
Tunisian dinarTunisia
60%
Danish kroneDenmark
53%
Norwegian kroneNorway
53%
Turkish liraTurkey
52%
Icelandic kronaIceland
51%
Swedish kronaSweden
51%
North Korean wonNorth Korea
49%
South Korean wonSouth Korea
49%
Brazilian realBrazil
44%
Polish zlotyPoland
38%
Kenyan shillingKenya
36%
Somali shillingSomalia
36%
Tanzanian shillingTanzania
36%
Ugandan shillingUganda
36%
Iranian rialIran
35%
Omani rialOman
35%
Yemeni rialYemen
35%
South African randSouth Africa
34%
Moroccan dirhamMorocco
32%
Thai bahtThailand
32%
UAE dirhamUnited Arab Emirates
32%
Indonesian rupiahIndonesia
30%
Bulgarian levBulgaria
29%
Macedonian denarMacedonia
29%
Czech korunaCzech Republic
28%
Bosnia and Herzegovina convertible markBosnia and Herzegovina
27%
Vietnamese dongVietnam
26%
Albanian lekAlbania
25%
Qatari riyalQatar
25%
Saudi Arabian riyalSaudi Arabia
25%
Peruvian solPeru
24%
Venezuelan bolivarVenezuela
24%
Moldovan leuMoldova
21%
Romanian leuRomania
21%
Croatian kunaCroatia
19%
Hungarian forintHungary
19%
Kyrgyzstani somKyrgyzstan
19%
Uzbekistani somUzbekistan
19%
Azerbaijan manatAzerbaijan
16%
Israeli new shekelIsrael
16%
Malaysian ringgitMalaysia
16%
Turkmen manatTurkmenistan
16%
Cambodian rielCambodia
15%
Ukrainian hryvniaUkraine
15%
Cape Verdean escudoCape Verde
14%
Lao kipLaos
14%
Armenian dramArmenia
13%
Chinese Yuan RenminbiChina
13%
Kazakhstani tengeKazakhstan
13%
Myanmar kyatMyanmar
13%
Afghan afghaniAfghanistan
12%
Bolivian bolivianoBolivia
12%
Ghanaian cediGhana
12%
Bangladeshi takaBangladesh
11%
Papua New Guinean kinaPapua New Guinea
11%
Tajikistani somoniTajikistan
11%
Angolan kwanzaAngola
10%
Ethiopian birrEthiopia
10%
Georgian lariGeorgia
10%
Guatemalan quetzalGuatemala
10%
Paraguayan guaraniParaguay
10%
Costa Rican colonCosta Rica
9%
Malawian kwachaMalawi
9%
Nigerian nairaNigeria
9%
Zambian kwachaZambia
9%
Botswana pulaBotswana
8%
Samoan talaSamoa
8%
Malagasy ariaryMadagascar
7%
Lesotho lotiLesotho
6%
Eritrean nakfaEritrea
5%
Honduran lempiraHonduras
5%
Maldivian rufiyaaMaldives
5%
Mauritanian ouguiyaMauritania
5%
Mongolian tugrikMongolia
5%
Mozambican meticalMozambique
5%
Nicaraguan cordobaNicaragua
5%
Tongan pa’angaTonga
5%
Vanuatu vatuVanuatu
5%
Sao Tome and Principe dobraSao Tome and Principe
4%
Sierra Leonean leoneSierra Leone
4%
Gambian dalasiGambia
3%
Haitian gourdeHaiti
3%
Swazi lilangeniSwaziland
3%
Bhutanese ngultrumBhutan
2%

Score Distribution

Percentile by Number Answered

Percent of People with Each Score

Your Score History

You have not taken this quiz